|
|
|
|
| LEADER |
01255nam a22002657a 4500 |
| 001 |
AAL6885 |
| 003 |
BD-DhAAL |
| 005 |
20160208192647.0 |
| 008 |
160208m20021992bg a|||| b||| 00| 0 ben d |
| 020 |
|
|
|a 9844583985
|
| 040 |
|
|
|a BD-DhAAL
|c BD-DhAAL
|
| 082 |
|
|
|a 307.7/2/095492
|
| 245 |
|
|
|a বাংলাদেশের গ্রামীন দারিদ্র্যের রাজনৈতিক অর্থনীতি /
|c অনুবাদঃ চন্দন সরকার, সম্পাদনা কামাল সিদ্দিকী
|
| 260 |
|
|
|a ঢাকা :
|b সময় প্রকাশন,
|c ২০০২.
|
| 300 |
|
|
|a ৩৬২ পৃ. :
|b চিত্র ;
|c ২২ সে.মি.
|
| 504 |
|
|
|6 Includes bibliographies
|
| 541 |
|
|
|e 6885
|
| 650 |
|
|
|a Rural development
|z Bangladesh.
|9 17902
|
| 650 |
|
|
|a Rural poor
|z Bangladesh.
|9 17903
|
| 651 |
|
|
|a Bangladesh
|x Rural conditions.
|9 17904
|
| 700 |
|
|
|a সরকার, চন্দন
|9 17905
|
| 700 |
|
|
|a সিদ্দিকী, কামাল
|9 17906
|
| 942 |
|
|
|2 ddc
|c BK
|
| 999 |
|
|
|c 36820
|d 36820
|
| 952 |
|
|
|0 0
|1 0
|2 ddc
|4 0
|6 307_700000000000000_2_095492_BAN
|7 0
|9 57950
|a SCL
|b SCL
|c GEN
|d 2016-02-08
|g 300.00
|l 0
|o 307.72095492 BAN
|p 3020006885
|r 2016-02-08
|t 1
|w 2016-02-08
|y BK
|